00507nam a22001457a 4500003000500000005001700005008004100022050002000063100002700083245010200110260003500212300004500247500005300292650001600345PILC20150605140747.0150605b xxu||||| |||| 00| 0 eng d aT 1b.B328 2009 aBataga, Ruchel Gyra S. aComputerized enrollment system of grinhar academy and montessori school /cRuchel Gyra S. Bataga. aMuntinlupa City :bSMC,c2009. aix, 59 pages :b illustrations ;c28 cm. aIncludes bibliographical references and indexes. aAutomation.